00625nam a2200193Ia 4500008004100000020001500041082001300056100001600069245003700085250000800122260002900130300000800159500002400167650001200191942000700203952010200210952010200312999001700414230524s9999 xx 000 0 und d a8121908159 a530bMAT aD.S. Mathur 0aElements of Properties of Matter a1ST aNEW DELHIbShymlalc2006 a580 aQuantity Number: 2 aPhysics cBK 00104070aTATCLbTATCLcGENd2023-05-24l0o530 MATp6084r2023-05-24w2023-05-24yBKzCPEE5307 00104070aTATCLbTATCLcGENd2023-05-24l0o530 MATp6085r2023-05-24w2023-05-24yBKzCPEE5307 c10371d10371